Analyse des politiques d'éducation 2002

Salvato in:
Dettagli Bibliografici
Natura: Libro
Lingua:francese
Pubblicazione: Paris OCDE 2002
Soggetti:
Tags: Aggiungi Tag
Nessun Tag, puoi essere il primo ad aggiungerne!!

MARC

LEADER 00000nam a2200000 4500
001 c142834
005 20221124094339.2
020 |a 92-64-29930-0 
041 0 |a fre 
044 |a FR 
245 1 0 |a Analyse des politiques d'éducation 2002 
264 1 |a Paris  |b OCDE  |c 2002 
300 |a 147 s. 
610 2 0 |a vzdelávanie 
610 2 0 |a analýzy 
610 2 0 |a vzdelanie 
610 2 0 |a kvalita 
610 2 0 |a učitelia 
610 2 0 |a kapitál ľudský 
610 2 0 |a svet 
610 2 0 |a PISA 2000 
610 2 0 |a študenti